An Examination of the degree of crosslink distribution heterogeneity in nitrile rubber by double quantum nuclear magnetic resonance (Record no. 75267)

MARC details
000 -LEADER
fixed length control field 00544nam a22001697a 4500
100 ## - MAIN ENTRY--AUTHOR NAME
Personal name Porter, C.
245 ## - TITLE STATEMENT
Title An Examination of the degree of crosslink distribution heterogeneity in nitrile rubber by double quantum nuclear magnetic resonance
260 ## - PUBLICATION, DISTRIBUTION, ETC. (IMPRINT)
Name of publisher Katuschuk Gummi Kunststoffe, 76(1): 2023. 44-53.
300 ## - PHYSICAL DESCRIPTION
Other physical details February
650 ## - SUBJECT ADDED ENTRY--TOPICAL TERM
Topical Term Crosslink density
650 ## - SUBJECT ADDED ENTRY--TOPICAL TERM
Topical Term Crosslink density distribution
650 ## - SUBJECT ADDED ENTRY--TOPICAL TERM
Topical Term Double quantum NMR
650 ## - SUBJECT ADDED ENTRY--TOPICAL TERM
Topical Term Nitrile rubber
650 ## - SUBJECT ADDED ENTRY--TOPICAL TERM
Topical Term Micro-structure
700 ## - ADDED ENTRY--PERSONAL NAME
Personal name Pazur, R.
942 ## - ADDED ENTRY ELEMENTS (KOHA)
Koha item type Journals
Holdings
Withdrawn status Lost status Damaged status Not for loan Home library Current library Date acquired Koha item type
        RRII Library RRII Library 16/05/2024 Journals